Les personnages du film Les Gardiens de la Galaxie Vol.3 - #32 - Statistiques

Statistiques générales
  • Ce quiz a été pris 8 fois
  • Le résultat moyen est 11 sur 19
Statistiques - réponses
Réponse % Correct
Groot
100%
Adam Warlock
88%
Cosmo
88%
Drax
88%
Gamora
88%
Mantis
88%
Nébula
88%
Peter Quill / Star Lord
88%
Rocket
88%
Kraglin
63%
Maître de l'évolution
50%
Ayesha
38%
Moustache
38%
Sol
38%
Blurp
13%
Jason Quill
13%
Lylla
13%
Phyla
13%
Stakar Ogord
13%
Aucun quiz correspondant
Distribution des résultats
% des personnes avec chaque résultat
Percentile par nombre de réponses
Votre historique - résultats
Vous n’avez pas pris ce quiz